| 000 | 00676cam a2200229 a 4500 | ||
|---|---|---|---|
| 001 | 1149328 | ||
| 005 | 20180215032818.0 | ||
| 008 | 950317s1995 mdua b 001 0 eng | ||
| 010 |
_a 95128425 _z 94007239 |
||
| 020 | _a0683083902 | ||
| 040 |
_aDLC _cDLC _dDLC |
||
| 041 | _aeng | ||
| 080 | _a615.8515 | ||
| 082 | 0 | 0 |
_a615.8515 _220 |
| 100 | _a4 | ||
| 101 | _ashm | ||
| 245 | 0 | 0 |
_aOccupational therapy for physical dysfunction / _ceditor, Catherine A. Trombly. |
| 504 | _aIncludes bibliographical references and index. | ||
| 906 |
_a7 _bcbc _corignew _d2 _encip _f19 _gy-gencatlg |
||
| 942 |
_2ddc _cBK |
||
| 999 |
_c42564 _d42564 |
||